[Event "Leiden Noteboom op 83rd"]
[Site "Leiden"]
[Date "2024.02.17"]
[Round "2"]
[White "Coenen, Eduard"]
[Black "Ratsma, Midas"]
[Result "1-0"]
[WhiteElo "2062"]
[BlackElo "2223"]
[PlyCount "91"]
[EventDate "2024.02.16"]
[EventType "swiss"]
[EventRounds "6"]
[EventCountry "NED"]
[SourceTitle "CB08_2024"]
[SourceDate "2024.02.21"]
[SourceVersion "1"]
[SourceVersionDate "2024.02.21"]
[SourceQuality "1"]

1. d4 d5 2. Bf4 Nf6 3. e3 c5 4. c3 Nc6 5. Nd2 e6 6. Ngf3 Bd6 7. Bg3 0-0 8. Bd3 a5 9. Ne5 Bxe5 10. dxe5 Nd7 11. Nf3 h6 12. Bb5 Qb6 13. Qe2 c4 14. Ba4 Nc5 15. Bc2 Qxb2 16. 0-0 Qxc3 17. Rfd1 Nb4 18. Ne1 Bd7 19. Rac1 Qa3 20. Bf4 Ncd3 21. Nxd3 cxd3 22. Bxd3 Ba4 23. Bxh6 Bxd1 24. Rxd1 Nxd3 25. Bxg7 Nxe5 26. Bxe5 Rfc8 27. h4 Rc1 28. Qg4+ Kf8 29. Bd6+ Qxd6 30. Rxc1 Qe5 31. g3 Rd8 32. Rb1 Rd7 33. Qa4 Qe4 34. Qxe4 dxe4 35. Rb5 b6 36. Rxb6 Rd2 37. a4 Ra2 38. g4 Rxa4 39. Kg2 Ra1 40. g5 a4 41. h5 a3 42. h6 a2 43. Rb8+ Ke7 44. Ra8 Rb1 45. h7 Rb8 46. Rxb8 1-0

[Event "Vlissingen op 25th"]
[Site "Vlissingen"]
[Date "2023.08.06"]
[Round "2"]
[White "Coenen, Eduard"]
[Black "Krasenkow, Michal"]
[Result "0-1"]
[WhiteElo "2069"]
[BlackElo "2534"]
[PlyCount "134"]
[EventDate "2023.08.05"]
[EventType "swiss"]
[EventRounds "9"]
[EventCountry "NED"]
[SourceTitle "CBM 215 Extra"]
[Source "ChessBase"]
[SourceDate "2023.09.30"]
[SourceVersion "1"]
[SourceVersionDate "2023.09.30"]
[SourceQuality "1"]

1. d4 g6 2. Bf4 Bg7 3. e3 d6 4. Nf3 Nd7 5. Bc4 e6 6. c3 Ne7 7. Nbd2 0-0 8. Qe2 d5 9. Bd3 Nc6 10. Bb5 a6 11. Bxc6 bxc6 12. 0-0 c5 13. Rfc1 Re8 14. b4 c4 15. Qd1 Nb6 16. e4 a5 17. bxa5 Rxa5 18. Ne5 Bb7 19. exd5 Bxd5 20. Qe2 Qa8 21. Ndf3 c5 22. dxc5 Na4 23. c6 f6 24. Ng4 e5 25. Bd2 Qxc6 26. Ne1 f5 27. Ne3 Bf7 28. N3c2 e4 29. Nd4 Qa8 30. Nec2 Nc5 31. Nb4 Nd3 32. Rcb1 Nxb4 33. Rxb4 Rxa2 34. Rxa2 Qxa2 35. Qe1 Ra8 36. g3 Bd5 37. Be3 h6 38. h4 Bf7 39. Qb1 Qxb1+ 40. Rxb1 h5 41. Rc1 Rb8 42. Kf1 Bf6 43. Ne2 Kf8 44. Bd4 Be7 45. Ra1 g5 46. hxg5 Bxg5 47. Ra5 Be6 48. Nf4 Bxf4 49. gxf4 Ke7 50. Ra7+ Bd7 51. Ra6 Rg8 52. Rh6 Be8 53. Bf6+ Kd7 54. Ke2 Rg1 55. Bg5 Rh1 56. Bf6 Kc6 57. Be5+ Kb5 58. Rh8 Bd7 59. Rd8 Kc6 60. Rh8 h4 61. Rh6+ Kb5 62. Rd6 Be8 63. Rh6 h3 64. Bd4 h2 65. Rh8 Ka5 66. Rh6 Ba4 67. f3 Ra1 0-1

[Event "Eindhoven WLC op 13th"]
[Site "Eindhoven"]
[Date "2023.05.06"]
[Round "2"]
[White "Coenen, Eduard"]
[Black "Pathak, Raghav"]
[Result "1/2-1/2"]
[WhiteElo "2038"]
[BlackElo "1653"]
[PlyCount "163"]
[EventDate "2023.05.05"]
[EventType "swiss"]
[EventRounds "6"]
[EventCountry "NED"]
[SourceTitle "CBM 214 Extra"]
[Source "ChessBase"]
[SourceDate "2023.07.31"]
[SourceVersion "1"]
[SourceVersionDate "2023.07.31"]
[SourceQuality "1"]

1. d4 e6 2. Bf4 d5 3. e3 Bd6 4. Bg3 Nf6 5. Bd3 Nbd7 6. Nf3 0-0 7. Nbd2 Re8 8. Ne5 Nf8 9. Bh4 Ng6 10. Bxg6 fxg6 11. f4 Rf8 12. 0-0 c5 13. c3 Qb6 14. Qb3 Qxb3 15. axb3 cxd4 16. exd4 Bxe5 17. fxe5 Ng4 18. Bg5 Bd7 19. h3 Nh6 20. Rxf8+ Kxf8 21. Rf1+ Nf7 22. Be3 Kg8 23. h4 Rc8 24. Bg5 Re8 25. b4 h6 26. Be3 a6 27. Nb3 b6 28. Ra1 Bb5 29. Nd2 Rc8 30. Kf2 Kf8 31. Rc1 Bd3 32. Nf3 Nd8 33. Ne1 Bb5 34. g3 Nf7 35. Ng2 g5 36. hxg5 hxg5 37. Ne1 g4 38. Ng2 g5 39. Bd2 Kg7 40. Ne3 Nh6 41. c4 dxc4 42. Ke1 Rf8 43. Nxc4 Kg6 44. Be3 Nf5 45. Kd2 Nxg3 46. b3 Nf1+ 47. Ke2 Nxe3 48. Kxe3 Rf3+ 49. Kd2 Rxb3 50. d5 exd5 51. Nd6 Rxb4 52. Ke3 Rb3+ 53. Kf2 Rf3+ 54. Kg2 Re3 55. Nxb5 axb5 56. Rc6+ Kf5 57. Rxb6 Rxe5 58. Rxb5 d4 59. Rb1 Re3 60. Rb5+ Kf4 61. Rd5 d3 62. Rd4+ Ke5 63. Rd8 g3 64. Rd7 Kf5 65. Rd8 Kf4 66. Rd4+ Re4 67. Rxd3 Re2+ 68. Kg1 Ra2 69. Rb3 Re2 70. Ra3 Kg4 71. Ra8 g2 72. Ra3 Kf4 73. Ra4+ Kg3 74. Ra3+ Kh4 75. Rh3+ Kg4 76. Ra3 Rd2 77. Rb3 Kf5 78. Rf3+ Ke4 79. Rf8 g4 80. Rf7 Ke3 81. Rf8 Rd1+ 82. Kxg2 1/2-1/2

[Event "Eindhoven WLC op 13th"]
[Site "Eindhoven"]
[Date "2023.05.06"]
[Round "3"]
[White "Korneev, Oleg"]
[Black "Coenen, Eduard"]
[Result "1-0"]
[WhiteElo "2457"]
[BlackElo "2038"]
[PlyCount "67"]
[EventDate "2023.05.05"]
[EventType "swiss"]
[EventRounds "6"]
[EventCountry "NED"]
[SourceTitle "CBM 214 Extra"]
[Source "ChessBase"]
[SourceDate "2023.07.31"]
[SourceVersion "1"]
[SourceVersionDate "2023.07.31"]
[SourceQuality "1"]

1. e4 d6 2. d4 g6 3. Nc3 Bg7 4. f4 c6 5. Nf3 b5 6. Bd3 Bg4 7. Be3 Qb6 8. Ne2 Bxf3 9. gxf3 Nd7 10. Qd2 c5 11. dxc5 Nxc5 12. 0-0-0 Nxd3+ 13. Qxd3 Qa5 14. Kb1 a6 15. Bd4 Nf6 16. f5 Qc7 17. Nf4 Rc8 18. h4 Qc4 19. Qd2 Bh6 20. c3 gxf5 21. Bxf6 exf6 22. Qxd6 Qc6 23. Nh5 Qxd6 24. Rxd6 fxe4 25. Nxf6+ Ke7 26. Nxe4 Bf4 27. Rxa6 Rhg8 28. Re1 Kf8 29. Rb6 Rg2 30. Rxb5 Rd8 31. a4 Rh2 32. h5 Rh3 33. Rf5 Bd2 34. Rd1 1-0

[Event "Eindhoven WLC op 12th"]
[Site "Eindhoven"]
[Date "2022.05.15"]
[Round "6"]
[White "Coenen, Eduard"]
[Black "Grooten, Herman"]
[Result "1-0"]
[WhiteElo "2030"]
[BlackElo "2286"]
[PlyCount "109"]
[EventDate "2022.05.13"]
[EventType "swiss"]
[EventRounds "6"]
[EventCountry "NED"]
[SourceTitle "CBM 208 Extra"]
[Source "ChessBase"]
[SourceDate "2022.07.31"]
[SourceVersion "1"]
[SourceVersionDate "2022.07.31"]
[SourceQuality "1"]

1. d4 Nf6 2. c3 g6 3. Bf4 Bg7 4. e3 d6 5. h3 0-0 6. Nf3 Nfd7 7. Be2 e5 8. dxe5 dxe5 9. Bh2 Qe7 10. 0-0 a5 11. Na3 Nc5 12. Qc1 Bf5 13. Rd1 Nc6 14. Bb5 Na7 15. Bf1 Rfd8 16. Ne1 h5 17. Nc4 Nc6 18. Rxd8+ Rxd8 19. Nd2 Kh7 20. Bb5 Na7 21. Bf1 a4 22. e4 Bxh3 23. b4 Bh6 24. f4 exf4 25. Ndf3 Bc8 26. bxc5 Qxe4 27. Kh1 Nc6 28. Qc2 Qe7 29. Bg1 Bf5 30. Qxa4 g5 31. Bf2 g4 32. Bh4 f6 33. Nd4 Be4 34. Bd3 Bxd3 35. Nxd3 Nxd4 36. cxd4 Qe3 37. Qc2 Rxd4 38. Nxf4+ Qe4 39. Qxe4+ Rxe4 40. Nxh5 Kg6 41. Nxf6 Rc4 42. Nd7 Bg7 43. Re1 Kf5 44. Bg3 c6 45. Kh2 Ra4 46. Re2 Ra8 47. Nb6 Rh8+ 48. Kg1 Bd4+ 49. Bf2 Be5 50. g3 Rd8 51. Kg2 Rd3 52. Nc4 Bb8 53. Rd2 Rc3 54. Nd6+ Ke6 55. Nxb7 1-0

[Event "Vlissingen HZ op 22nd"]
[Site "Vlissingen"]
[Date "2018.08.05"]
[Round "2"]
[White "Pruijssers, Roeland"]
[Black "Coenen, Eduard"]
[Result "1-0"]
[WhiteElo "2506"]
[BlackElo "2118"]
[PlyCount "105"]
[EventDate "2018.08.04"]
[EventType "swiss"]
[EventRounds "9"]
[EventCountry "NED"]
[SourceTitle "CBM 185 Extra"]
[Source "ChessBase"]
[SourceDate "2018.07.29"]
[SourceVersion "1"]
[SourceVersionDate "2018.07.29"]
[SourceQuality "1"]

1. e4 g6 2. d4 Bg7 3. Nc3 d6 4. h4 h5 5. Be3 a6 6. Qd2 b5 7. f3 Nd7 8. Nh3 Nb6 9. Ng5 c6 10. Bd3 Rb8 11. Ne2 Nc4 12. Bxc4 bxc4 13. b3 f6 14. Nh3 Be6 15. d5 cxd5 16. exd5 Bxh3 17. Rxh3 f5 18. Bd4 Nf6 19. bxc4 Qc8 20. Nf4 Qxc4 21. Ne6 Bh6 22. f4 Kf7 23. Bxf6 Kxf6 24. Qc3+ Qxc3+ 25. Rxc3 Rhc8 26. Rxc8 Rxc8 27. Kd2 Rc4 28. g3 Ra4 29. a3 Kf7 30. Kd3 Bg7 31. c3 Ra5 32. Kc4 Ra4+ 33. Kb3 Ra5 34. Rd1 Rb5+ 35. Kc4 Bf6 36. a4 Rb2 37. Ra1 Re2 38. Rb1 Re4+ 39. Kd3 Rxa4 40. Rb8 Bg7 41. Ng5+ Kf6 42. Rg8 Ra1 43. Kc4 Bh6 44. Ne6 Re1 45. Rh8 Re3 46. Kb4 a5+ 47. Kb5 Re4 48. Kxa5 Kf7 49. Rxh6 Rxe6 50. dxe6+ Kg7 51. Kb5 Kxh6 52. Kc6 Kg7 53. Kd7 1-0

[Event "Vlissingen HZ op 21st"]
[Site "Vlissingen"]
[Date "2017.08.07"]
[Round "4"]
[White "Coenen, Eduard"]
[Black "Peek, Marcel"]
[Result "1-0"]
[WhiteElo "2120"]
[BlackElo "2293"]
[PlyCount "71"]
[EventDate "2017.08.05"]
[EventType "swiss"]
[EventRounds "9"]
[EventCountry "NED"]
[SourceTitle "CBM 179 Extra"]
[Source "ChessBase"]
[SourceDate "2017.08.23"]
[SourceVersion "1"]
[SourceVersionDate "2017.08.23"]
[SourceQuality "1"]

1. d4 d5 2. Bf4 Nf6 3. e3 c5 4. Bxb8 Rxb8 5. dxc5 Qa5+ 6. Nc3 e6 7. Bb5+ Bd7 8. Bxd7+ Nxd7 9. a3 Qxc5 10. Nf3 Be7 11. 0-0 Bf6 12. Nd4 0-0 13. Nce2 b5 14. c3 Qb6 15. Nf4 g6 16. Qe2 Qb7 17. Nd3 Rfc8 18. a4 bxa4 19. Rxa4 Nc5 20. Nxc5 Rxc5 21. Rb4 Qc7 22. Rxb8+ Qxb8 23. Ra1 Rc7 24. g3 Rb7 25. Ra2 Qc7 26. Qf1 Qb6 27. b4 Kg7 28. Ra6 Qc7 29. Rc6 Qd7 30. Qa6 Bd8 31. Rd6 Qe7 32. Rxd8 Rc7 33. Rc8 Rxc8 34. Qxc8 e5 35. Nc6 Qf6 36. Qc7 1-0

[Event "Maastricht Limburg op-A 9th"]
[Site "Maastricht"]
[Date "2015.05.23"]
[Round "3"]
[White "Coenen, Eduard"]
[Black "Keetman, Maaike"]
[Result "1-0"]
[WhiteElo "2129"]
[BlackElo "2194"]
[PlyCount "65"]
[EventDate "2015.05.22"]
[EventType "swiss"]
[EventRounds "7"]
[EventCountry "NED"]
[SourceTitle "CBM 166 Extra"]
[Source "ChessBase"]
[SourceDate "2015.06.18"]
[SourceVersion "1"]
[SourceVersionDate "2015.06.18"]
[SourceQuality "1"]

1. d4 Nf6 2. Nf3 g6 3. Bg5 Bg7 4. e3 0-0 5. Nbd2 d6 6. c3 Nc6 7. Bb5 Bd7 8. h4 Re8 9. Bc4 Na5 10. Bd3 e5 11. h5 c5 12. hxg6 fxg6 13. b4 cxb4 14. cxb4 Nc6 15. Bc4+ Kh8 16. Bf7 exd4 17. Bxg6 dxe3 18. fxe3 Qb6 19. Bxf6 Qxe3+ 20. Kf1 Bxf6 21. Rxh7+ Kg8 22. Rxd7 Bxa1 23. Nc4 Qh6 24. Qd5+ Kh8 25. Rh7+ Qxh7 26. Bxh7 Kxh7 27. Nxd6 Re7 28. Nf5 Rd8 29. Qc4 Rd1+ 30. Kf2 Red7 31. Qe6 Nd8 32. Ng5+ Kh8 33. Qe8# 1-0

[Event "Maastricht Limburg op-A 9th"]
[Site "Maastricht"]
[Date "2015.05.23"]
[Round "2"]
[White "Goossens, Hanne"]
[Black "Coenen, Eduard"]
[Result "1-0"]
[WhiteElo "2215"]
[BlackElo "2129"]
[PlyCount "87"]
[EventDate "2015.05.22"]
[EventType "swiss"]
[EventRounds "7"]
[EventCountry "NED"]
[SourceTitle "CBM 166 Extra"]
[Source "ChessBase"]
[SourceDate "2015.06.18"]
[SourceVersion "1"]
[SourceVersionDate "2015.06.18"]
[SourceQuality "1"]

1. e4 g6 2. d4 Bg7 3. Nc3 d6 4. Be3 a6 5. Qd2 Nd7 6. 0-0-0 b5 7. h4 h5 8. Nh3 Bb7 9. Ng5 Rc8 10. Kb1 c5 11. dxc5 Nxc5 12. Bd4 Nf6 13. f3 0-0 14. Nd5 Bxd5 15. exd5 e5 16. dxe6 Nxe6 17. Nxe6 fxe6 18. Bd3 e5 19. Be3 Qe8 20. Bh6 e4 21. Bxe4 Nxe4 22. fxe4 Qxe4 23. Bxg7 Kxg7 24. Rhe1 Qxh4 25. Qxd6 Qf6 26. Qd7+ Kg8 27. Rd6 Qg5 28. Qe6+ Kg7 29. Rd7+ Kh6 30. Re7 Qf5 31. Qe3+ Qf4 32. Qa7 Rc6 33. Rh7+ Kg5 34. Qe7+ Rff6 35. Re5+ Kg4 36. Re4 Rce6 37. Rxf4+ Kxf4 38. Qc7+ Ke3 39. b3 Kf2 40. a3 Rc6 41. Qe5 Kxg2 42. Re7 Rf3 43. Rd7 Rfc3 44. Rd2+ 1-0

[Event "Maastricht Limburg op-A 7th"]
[Site "Maastricht"]
[Date "2013.05.20"]
[Round "6"]
[White "Coenen, Eduard"]
[Black "Groot, Simon"]
[Result "1-0"]
[WhiteElo "2061"]
[BlackElo "2045"]
[PlyCount "107"]
[EventDate "2013.05.17"]
[EventType "swiss"]
[EventRounds "7"]
[EventCountry "NED"]
[SourceTitle "EXT 2014"]
[Source "ChessBase"]
[SourceDate "2013.11.20"]
[SourceVersion "1"]
[SourceVersionDate "2013.11.20"]
[SourceQuality "1"]

1. d4 Nf6 2. Nf3 g6 3. c3 Bg7 4. Bg5 Ne4 5. Bf4 d5 6. Nbd2 c5 7. e3 cxd4 8. exd4 Qb6 9. Nxe4 dxe4 10. Nd2 0-0 11. Qb3 Qxb3 12. axb3 Be6 13. Nxe4 Bxb3 14. Nc5 Bd5 15. 0-0-0 b6 16. Nd3 Nc6 17. f3 Rfc8 18. Ne5 Nxe5 19. dxe5 Bb3 20. Rd4 Rd8 21. Kd2 Rac8 22. Bd3 a5 23. h4 e6 24. h5 Bf8 25. hxg6 fxg6 26. Bg5 Rxd4 27. cxd4 Bb4+ 28. Ke3 Bf8 29. Bf6 Bg7 30. Be7 Bd5 31. g4 Bb3 32. f4 Bd5 33. Rh2 Bb3 34. f5 gxf5 35. gxf5 exf5 36. Bxf5 Rc1 37. Bxh7+ Kf7 38. Bd8 Rc6 39. Be4 Bh6+ 40. Kf3 Bd1+ 41. Kg3 Rc8 42. Bd5+ Kg6 43. Bxb6 Be3 44. Bc5 a4 45. Be4+ Kg7 46. Rh1 Bb3 47. Kf3 Bh6 48. Rg1+ Kf7 49. Rh1 Kg7 50. Be7 Bc1 51. Bf6+ Kf7 52. Rh7+ Kf8 53. Rh8+ Bg8 54. Bd5 1-0

[Event "Maastricht Limburg op-A 7th"]
[Site "Maastricht"]
[Date "2013.05.17"]
[Round "1"]
[White "Czybik, Nils Patrick"]
[Black "Coenen, Eduard"]
[Result "0-1"]
[WhiteElo "2171"]
[BlackElo "2061"]
[PlyCount "100"]
[EventDate "2013.05.17"]
[EventType "swiss"]
[EventRounds "7"]
[EventCountry "NED"]
[SourceTitle "EXT 2014"]
[Source "ChessBase"]
[SourceDate "2013.11.20"]
[SourceVersion "1"]
[SourceVersionDate "2013.11.20"]
[SourceQuality "1"]

1. Nf3 g6 2. g3 Bg7 3. d4 c5 4. dxc5 Na6 5. c3 Nxc5 6. Be3 Ne6 7. Bg2 Nf6 8. Qc1 Ng4 9. Bd2 0-0 10. h3 Ne5 11. Nxe5 Bxe5 12. Bh6 Bg7 13. 0-0 d6 14. Rd1 Qb6 15. Bxg7 Kxg7 16. c4 Bd7 17. Nc3 Bc6 18. e4 Nd4 19. Qe3 e5 20. Ne2 Nxe2+ 21. Qxe2 Rad8 22. Rd2 f5 23. Rad1 Bxe4 24. Bxe4 fxe4 25. Qxe4 Rf6 26. Qe2 Rdf8 27. b4 Rf3 28. c5 dxc5 29. bxc5 Qe6 30. Qe4 R8f7 31. Re1 Qxh3 32. Qxe5+ R3f6 33. Re4 Qf5 34. Qd4 g5 35. Re5 Qg6 36. Qd8 Qb1+ 37. Kg2 Rf5 38. Re8 R5f6 39. Re5 Rf5 40. Re8 R5f6 41. g4 Qb4 42. f3 Qxc5 43. Rg8+ Kh6 44. Rd7 Qe3 45. Rd3 Qe2+ 46. Kg1 Qe1+ 47. Kg2 Re7 48. Rd2 Re2+ 49. Rxe2 Qxe2+ 50. Kg1 Qxf3 0-1

[Event "Maastricht Limburg op-A 4th"]
[Site "Maastricht"]
[Date "2010.05.21"]
[Round "1"]
[White "Coenen, Eduard"]
[Black "Hortensius, Lisa"]
[Result "1/2-1/2"]
[WhiteElo "2140"]
[BlackElo "2063"]
[PlyCount "97"]
[EventDate "2010.05.21"]
[EventType "swiss"]
[EventRounds "7"]
[EventCountry "NED"]
[SourceTitle "CBM 136 Extra"]
[Source "ChessBase"]
[SourceDate "2010.07.02"]
[SourceVersion "2"]
[SourceVersionDate "2010.07.15"]
[SourceQuality "1"]

1. d4 Nf6 2. Nf3 g6 3. Bg5 Bg7 4. Nbd2 0-0 5. e3 d6 6. c3 Nbd7 7. h4 h6 8. Bf4 Re8 9. h5 gxh5 10. Bc4 Nf8 11. Qb3 Ne6 12. 0-0-0 c6 13. Bg3 Qa5 14. Rh4 Rb8 15. Bd3 Nf8 16. Rdh1 Be6 17. Bc4 Bxc4 18. Nxc4 Qc7 19. e4 b5 20. Ne3 Ng6 21. Rxh5 Nxh5 22. Rxh5 e6 23. Ng4 Kf8 24. Nxh6 Bxh6+ 25. Rxh6 Kg7 26. Rxg6+ Kxg6 27. Qc2 Kg7 28. e5 d5 29. Bh4 Rg8 30. Bf6+ Kf8 31. Qh7 Rg6 32. Ng5 Rxf6 33. Qh8+ Ke7 34. Qxf6+ Ke8 35. Qg7 Qe7 36. f4 Qf8 37. Qf6 Qe7 38. Qh6 Kd7 39. Nh7 Kc7 40. g4 Rh8 41. Qg7 Qe8 42. Ng5 Rg8 43. Qh7 Rh8 44. Qxf7+ Qxf7 45. Nxf7 Rh4 46. Ng5 Kd7 47. f5 exf5 48. gxf5 Rh5 49. Ne6 1/2-1/2

[Event "LiSB-ch"]
[Site "Sittard"]
[Date "2003.11.30"]
[Round "4"]
[White "Coenen, Eduard"]
[Black "Renet, Jacques"]
[Result "0-1"]
[WhiteElo "2069"]
[BlackElo "2212"]
[PlyCount "58"]
[EventDate "2003.11.29"]
[EventType "tourn"]
[EventRounds "7"]
[EventCountry "NED"]
[SourceTitle "EXT 2009"]
[Source "ChessBase"]
[SourceDate "2008.11.26"]
[SourceVersion "1"]
[SourceVersionDate "2008.11.26"]
[SourceQuality "1"]

1. d4 g6 2. Nf3 Bg7 3. Bg5 c5 4. c3 Qb6 5. Qb3 Qxb3 6. axb3 cxd4 7. Nxd4 Bxd4 8. cxd4 Nc6 9. e3 h6 10. Bh4 g5 11. Bg3 Nf6 12. h4 g4 13. Nc3 d6 14. Bc4 0-0 15. h5 Nb4 16. Ra4 a5 17. Bf4 Bd7 18. Bxh6 Rfc8 19. Be2 b5 20. Rxb4 axb4 21. Nd1 Be6 22. Bg5 Bxb3 23. Rh4 Ra1 24. Bxf6 exf6 25. Rxg4+ Kh8 26. d5 Rc2 27. Bf3 Rxb2 28. Rd4 Bc2 29. Rd2 b3 0-1

[Event "LiSB-ch"]
[Site "Sittard"]
[Date "2003.11.29"]
[Round "2"]
[White "Hendrikx, Tony"]
[Black "Coenen, Eduard"]
[Result "0-1"]
[WhiteElo "1947"]
[BlackElo "2069"]
[PlyCount "68"]
[EventDate "2003.11.29"]
[EventType "tourn"]
[EventRounds "7"]
[EventCountry "NED"]
[SourceTitle "EXT 2009"]
[Source "ChessBase"]
[SourceDate "2008.11.26"]
[SourceVersion "1"]
[SourceVersionDate "2008.11.26"]
[SourceQuality "1"]

1. d4 d5 2. Bg5 c6 3. Nf3 Bf5 4. c4 Bxb1 5. Qxb1 dxc4 6. e4 h6 7. Bf4 b5 8. a4 e6 9. axb5 Bb4+ 10. Bd2 Bxd2+ 11. Nxd2 cxb5 12. b3 Qxd4 13. bxc4 b4 14. Be2 a5 15. Ra2 Nc6 16. 0-0 Nge7 17. Nb3 Qb6 18. c5 Qc7 19. Bb5 0-0 20. Rd1 e5 21. Qa1 Nd4 22. Nxd4 exd4 23. Rxd4 Qxc5 24. Ba4 Rfd8 25. Rad2 Rxd4 26. Qxd4 Qxd4 27. Rxd4 Rc8 28. Rd1 Rc3 29. f4 Ra3 30. Bb5 b3 31. e5 Ng6 32. Rd8+ Nf8 33. e6 fxe6 34. f5 b2 0-1